Introductory Microeconomics - XI (Record no. 11085)

MARC details
000 -LEADER
fixed length control field 00326nam a22000977a 4500
008 - FIXED-LENGTH DATA ELEMENTS--GENERAL INFORMATION
fixed length control field 180824b ||||| |||| 00| 0 eng d
020 ## - INTERNATIONAL STANDARD BOOK NUMBER
International Standard Book Number 9788178558127
100 ## - MAIN ENTRY--PERSONAL NAME
Personal name Gupta B L
9 (RLIN) 6662
245 ## - TITLE STATEMENT
Title Introductory Microeconomics - XI
Remainder of title Multiple Choice, Value Based questions and Project work
260 ## - PUBLICATION, DISTRIBUTION, ETC. (IMPRINT)
Place of publication, distribution, etc. New Delhi
Name of publisher, distributor, etc. Arya Publication
Date of publication, distribution, etc. 2018
Holdings
Withdrawn status Lost status Source of classification or shelving scheme Damaged status Koha normalized classification for sorting Not for loan Home library Current library Shelving location Date acquired Total Checkouts Full call number Barcode Date last seen Date last checked out Price effective from Koha item type
    Dewey Decimal Classification   GUP_330_000000000000000   Good Samaritan School Library Good Samaritan School Library Economics 08/24/2018 2 GUP330 GUP15060 10/23/2024 10/21/2024 08/24/2018 BOOK

Powered by Koha